Constructing achievement tests /

Bibliographic Details
Main Author: Gronlund, Norman Edward, 1920-
Format: Book
Language:English
Published: Englewood Cliffs, N.J. : Prentice-Hall, [1982]
Edition:3rd ed.
Subjects:

MARC

Tag First Indicator Second Indicator Subfields
LEADER 00000pam a2200000 a 4500
001 in00000088642
005 20151008065156.0
008 810724s1982 njua b 00110 eng
010 |a  81011940  
020 |a 0131691511 :  |c $12.95 
035 |a (OCoLC)07672100 
035 |9 AAK5487AM 
039 0 |a 2  |b 3  |c 3  |d 3  |e 3 
040 |a DLC  |c DLC  |d TXA  |d UtOrBLW 
049 |a TXAM  |c [1673160] 
050 0 0 |a LB3060.3  |b .G76 1982 
082 0 |a 371.2/6  |2 19 
100 1 |a Gronlund, Norman Edward,  |d 1920- 
245 1 0 |a Constructing achievement tests /  |c Norman E. Gronlund. 
250 |a 3rd ed. 
264 1 |a Englewood Cliffs, N.J. :  |b Prentice-Hall,  |c [1982] 
264 4 |c ©1982 
300 |a x, 148 pages :  |b illustrations ;  |c 23 cm. 
336 |a text  |b txt  |2 rdacontent 
337 |a unmediated  |b n  |2 rdamedia 
338 |a volume  |b nc  |2 rdacarrier 
504 |a Includes bibliographies and index. 
650 0 |a Examinations  |x Design and construction. 
999 |a MARS 
999 f f |s 7537c488-78ee-318c-aeaa-f0d84f184799  |i e3fdc5f5-e015-3e27-91f7-5f53c1dda2fd  |t 0 
952 f f |p normal  |a Texas A&M University  |b College Station  |c Sterling C. Evans Library  |d Evans: Library Stacks  |t 0  |e LB3060.3 .G76 1982  |h Library of Congress classification  |i unmediated -- volume  |m A14806162849 
998 f f |a LB3060.3 .G76 1982  |t 0  |l Evans: Library Stacks